[Event "Nuremberg Zabo op 02nd"]
[Site "Nuremberg"]
[Date "2000.09.23"]
[Round "2"]
[White "Kipferl, Wolfgang"]
[Black "Jerosch, Gunnar"]
[Result "0-1"]
[WhiteElo "1865"]
[BlackElo "2080"]
[PlyCount "58"]
[EventDate "2000.09.22"]
[EventType "swiss"]
[EventRounds "5"]
[EventCountry "GER"]
[SourceTitle "EXT 2001"]
[Source "ChessBase"]
[SourceDate "2000.11.22"]
[SourceVersion "1"]
[SourceVersionDate "2000.11.22"]
[SourceQuality "1"]

1. e4 c5 2. Nf3 Nc6 3. d4 cxd4 4. Nxd4 Nf6 5. Nc3 d6 6. Be2 e6 7. 0-0 Be7 8. Be3 a6 9. f3 Qc7 10. Na4 d5 11. Nxc6 Qxc6 12. Nb6 Bc5 13. Nxa8 Bxe3+ 14. Kh1 b6 15. Nxb6 Bxb6 16. exd5 Nxd5 17. Qd2 0-0 18. c4 Ne3 19. Rfc1 Rd8 20. Qc3 Bd4 21. Qa5 Re8 22. Rab1 e5 23. b4 Qg6 24. Bf1 Nf5 25. h3 Ng3+ 26. Kh2 Qg5 27. Rd1 Qf4 28. Rxd4 Nxf1+ 29. Kg1 Qxd4+ 0-1

[Event "Bad Harzburg op 1st"]
[Site "Bad Harzburg"]
[Date "1999.11.28"]
[Round "7.6"]
[White "Jerosch, Gunnar"]
[Black "Behl, Torsten"]
[Result "0-1"]
[WhiteElo "2100"]
[BlackElo "2150"]
[PlyCount "96"]
[EventDate "1999.11.24"]
[EventType "swiss"]
[EventRounds "7"]
[EventCountry "GER"]
[SourceTitle "EXT 2023"]
[Source "ChessBase"]
[SourceDate "2022.10.05"]
[SourceVersion "1"]
[SourceVersionDate "2022.10.05"]
[SourceQuality "1"]

1. d4 Nf6 2. c4 g6 3. Nc3 d5 4. Bg5 Ne4 5. Bh4 Nxc3 6. bxc3 Bg7 7. e3 c5 8. Nf3 cxd4 9. cxd4 Bg4 10. Qa4+ Nc6 11. cxd5 Qxd5 12. Rb1 Bxf3 13. gxf3 Qxf3 14. Rg1 0-0 15. Bg2 Qg4 16. Bg3 Rac8 17. h3 Qf5 18. Rb5 Qd3 19. Qb3 Qxb3 20. Rxb3 Nxd4 21. Rb1 Nc6 22. Ke2 b6 23. Rgd1 Ne5 24. Rd5 Nc4 25. Rd7 Nb2 26. Rxa7 Rc2+ 27. Kf1 Nc4 28. Kg1 Rd8 29. Be4 Rc3 30. Ra8 Rxa8 31. Bxa8 e6 32. Rb4 Rc1+ 33. Kg2 Bf8 34. Ra4 Bc5 35. Bf3 Kg7 36. Ra8 Rc2 37. Kg1 h5 38. h4 Bd6 39. Bxd6 Nxd6 40. Ra6 Rb2 41. a4 Nf5 42. Bc6 Nxh4 43. Bb5 Nf3+ 44. Kg2 Ne5 45. Rxb6 Ng4 46. a5 Rxf2+ 47. Kg1 h4 48. Bf1 Ra2 0-1